000 00596nam a2200205 i 4500
001 97120
003 ES-MaACL
005 20250808020126.0
007 t|
008 050707s1960 sp ||||1| spa d
100 1 _aManyà, Joan B.
_b1884-1976.
_976191
245 1 3 _aLa teología de Unamuno /
_cJoan B. Manyà.
260 _aBarcelona :
_bVergara,
_c1960.
300 _a209 p. ;
_c18 cm.
490 1 _aVerdad y vida
600 1 7 _aUnamuno, Miguel de,
_d1864-1936-
_xReligión
_2
_9165170
830 1 0 _aVerdad y vida
_9182871
852 _aES-MaACL
_jC-19231
999 _c97120
_d97120